00274nam a2200121Ia 45000030006000000080041000060400015000471000019000622450033000812600009001145460012001230050017001350STCL150530s9999 xx 000 0 und d aSTCLcSTCL aKiernam Victor aShakespeare poet and citizen c1993 aEnglish20220125170956.0